[Event "BL 1314 (Women)"]
[Site "Germany"]
[Date "2014.02.16"]
[Round "7.5"]
[White "Schmidt, Jade"]
[Black "Katte, Isabel"]
[Result "1-0"]
[WhiteElo "2137"]
[BlackElo "1940"]
[PlyCount "61"]
[EventDate "2013.10.04"]
[EventType "team-tourn"]
[EventRounds "11"]
[EventCountry "GER"]
[SourceTitle "EXT 2018"]
[Source "ChessBase"]
[SourceDate "2017.10.13"]
[SourceVersion "1"]
[SourceVersionDate "2017.10.13"]
[SourceQuality "1"]
[WhiteTeam "Hamburger SK (W)"]
[BlackTeam "Schott Mainz (W)"]
[WhiteTeamCountry "GER"]
[BlackTeamCountry "GER"]

1. d4 e6 2. e4 b6 3. Nf3 Bb7 4. Bd3 Be7 5. 0-0 Nc6 6. c3 Nf6 7. Qe2 d6 8. Rd1 Qd7 9. e5 Nd5 10. a3 Bd8 11. c4 Nde7 12. d5 Nxe5 13. Nxe5 dxe5 14. Qxe5 exd5 15. cxd5 Bxd5 16. Bc4 c6 17. Bxd5 cxd5 18. Nc3 Bc7 19. Qe2 0-0 20. Bg5 Rfe8 21. Rac1 Nf5 22. Qd3 d4 23. Nb5 Be5 24. f4 Ne3 25. Re1 Qb7 26. Re2 Rac8 27. Rce1 h6 28. fxe5 hxg5 29. Nd6 Qd7 30. Nxe8 Rxe8 31. Rxe3 1-0

[Event "BL 1314 (Women)"]
[Site "Germany"]
[Date "2013.10.06"]
[Round "2.4"]
[White "Schmidt, Jade"]
[Black "Sedina, Elena"]
[Result "0-1"]
[WhiteElo "2137"]
[BlackElo "2311"]
[PlyCount "70"]
[EventDate "2013.10.04"]
[EventType "team-tourn"]
[EventRounds "11"]
[EventCountry "GER"]
[SourceTitle "EXT 2018"]
[Source "ChessBase"]
[SourceDate "2017.10.13"]
[SourceVersion "1"]
[SourceVersionDate "2017.10.13"]
[SourceQuality "1"]
[WhiteTeam "Hamburger SK (W)"]
[BlackTeam "Baden-Baden (W)"]
[WhiteTeamCountry "GER"]
[BlackTeamCountry "GER"]

1. d4 d5 2. c4 dxc4 3. Nf3 Nf6 4. e3 Bg4 5. Bxc4 e6 6. 0-0 Nc6 7. Nc3 Bd6 8. Be2 a6 9. e4 Bxf3 10. Bxf3 Nxd4 11. Be3 Nxf3+ 12. Qxf3 0-0 13. Rfd1 Qe7 14. Rac1 Be5 15. a3 Rfd8 16. Bg5 h6 17. Bh4 Rxd1+ 18. Nxd1 Qd6 19. Bxf6 Bxf6 20. b4 Qd2 21. Qe3 Rd8 22. Qxd2 Rxd2 23. Ne3 Ra2 24. Rxc7 Ra1+ 25. Nf1 b5 26. g3 Bd4 27. Rc8+ Kh7 28. Rc2 Rxa3 29. Kg2 Ra4 30. Nd2 Rxb4 31. Nf3 a5 32. Rc7 a4 33. Rxf7 a3 34. Rd7 a2 35. Nxd4 Rxd4 0-1

[Event "Hamburg St Pauli op-A"]
[Site "Hamburg"]
[Date "2013.07.10"]
[Round "5"]
[White "Schmidt, Jade"]
[Black "Kardoeus, David"]
[Result "1-0"]
[WhiteElo "2123"]
[BlackElo "1921"]
[PlyCount "87"]
[EventDate "2013.07.06"]
[EventType "swiss"]
[EventRounds "9"]
[EventCountry "GER"]
[SourceTitle "CBM 155 Extra"]
[Source "ChessBase"]
[SourceDate "2013.08.26"]
[SourceVersion "1"]
[SourceVersionDate "2013.08.26"]
[SourceQuality "1"]

1. d4 d5 2. c4 c6 3. cxd5 cxd5 4. Nc3 Nf6 5. Bf4 e6 6. e3 Be7 7. Bd3 Qb6 8. a3 Bd7 9. b4 0-0 10. Nf3 Rc8 11. Qb3 Qd8 12. h3 Nc6 13. 0-0 a5 14. b5 a4 15. Qb2 Na5 16. Nd2 Nc4 17. Bxc4 dxc4 18. e4 Be8 19. Be3 Ra5 20. Rfb1 Nd7 21. Qc2 Nb6 22. Qd1 Bg5 23. Qe2 Be7 24. Qg4 Bf6 25. e5 Be7 26. Nde4 Nd5 27. Nxd5 exd5 28. Nf6+ Bxf6 29. exf6 g6 30. Bh6 Bd7 31. Qh4 Bf5 32. Re1 Rxb5 33. Re7 c3 34. Rae1 Rb1 35. Bc1 Qf8 36. Qf4 Rb6 37. g4 Be6 38. Qg3 Qd8 39. f4 Qd6 40. Qh4 Bd7 41. Rxf7 Kxf7 42. Qxh7+ Kxf6 43. g5+ Kf5 44. Qf7+ 1-0